[Event "IX Floripa Chess Open Fort Atacadista"]
[Site "Florianópolis - Santa Catari"]
[Date "2023.01.24"]
[Round "2.208"]
[White "Lima Miranda, Caio Cesar"]
[Black "Bisconsin, Raul"]
[Result "1-0"]
[WhiteElo "1579"]
[BlackElo "1092"]
[PlyCount "73"]
[EventDate "2023.01.23"]
[EventRounds "10"]
[EventCountry "BRA"]

1. e4 e5 2. Nf3 Nc6 3. Bc4 Bc5 4. c3 Nf6 5. d4 exd4 6. cxd4 Bb4+ 7. Nc3 Nxe4 8.
O-O Bxc3 9. d5 Ne5 10. bxc3 Nxc4 11. Qd4 Ncd6 12. Qxg7 Qf6 13. Qxf6 Nxf6 14.
Re1+ Nfe4 15. Nd2 f5 16. f3 Nf7 17. fxe4 f4 18. Nf3 d6 19. Bxf4 Bg4 20. e5
O-O-O 21. Ng5 Nxg5 22. Bxg5 Rdg8 23. Bf6 Bf3 24. Bxh8 Rxg2+ 25. Kf1 Rxh2 26. e6
Kd8 27. e7+ Ke8 28. c4 c5 29. Rab1 b6 30. Rb3 Bg4 31. Rg3 Rh4 32. Bf6 Rh6 33.
Rxg4 Rxf6+ 34. Kg2 h5 35. Rg8+ Kd7 36. e8=Q+ Kc7 37. Qc6# 1-0

[Event "IX Floripa Chess Open Fort Atacadista"]
[Site "Florianópolis - Santa Catari"]
[Date "2023.01.24"]
[Round "2.209"]
[White "Dos Santos, Gabriel Conte"]
[Black "Carneiro, Claudionor Chaves"]
[Result "0-1"]
[WhiteElo "1136"]
[BlackElo "1577"]
[PlyCount "100"]
[EventDate "2023.01.23"]
[EventRounds "10"]
[EventCountry "BRA"]

1. d4 Nf6 2. c4 e6 3. Nf3 d5 4. Nc3 Bd6 5. Bg5 h6 6. Bxf6 Qxf6 7. e4 dxe4 8.
Nxe4 Bb4+ 9. Nfd2 Qxd4 10. Qa4+ Nc6 11. f3 Qxb2 12. Rb1 Bxd2+ 13. Nxd2 Qe5+ 14.
Ne4 O-O 15. Qb5 Qf4 16. Qc5 Rd8 17. Be2 Nd4 18. Kf2 b6 19. g3 Qxe4 20. fxe4
bxc5 21. Rbd1 Ba6 22. e5 Nxe2 23. Rxd8+ Rxd8 24. Kxe2 Bxc4+ 25. Ke3 Rd3+ 26.
Kf2 Rd2+ 27. Ke3 Rxa2 28. Rc1 Bd5 29. Rxc5 c6 30. Kd4 a5 31. Kc3 a4 32. Kb4 a3
33. Rc3 Ra1 34. Rxa3 Rxa3 35. Kxa3 c5 36. Kb2 Kh7 37. g4 Kg6 38. h3 Kg5 39. Kc3
Kf4 40. Kd3 Kxe5 41. Kc3 Kf4 42. h4 Kxg4 43. Kd3 Kf3 44. h5 e5 45. Kd2 Kf2 46.
Kd3 e4+ 47. Kc3 e3 48. Kc2 e2 49. Kb2 e1=Q 50. Ka3 Qb4# 0-1

[Event "IX Floripa Chess Open Fort Atacadista"]
[Site "Florianópolis - Santa Catari"]
[Date "2023.01.24"]
[Round "2.210"]
[White "Caceres Benitez, Fernando Israel"]
[Black "Telles, Arnoldo Beber"]
[Result "1-0"]
[WhiteElo "1574"]
[BlackElo "1060"]
[PlyCount "65"]
[EventDate "2023.01.23"]
[EventRounds "10"]
[EventCountry "BRA"]

1. f4 e6 2. Nf3 Nc6 3. d3 Bc5 4. e3 Nf6 5. Be2 d5 6. d4 Bb4+ 7. c3 Be7 8. Nbd2
a6 9. O-O O-O 10. Bd3 h6 11. a4 a5 12. Qe1 b6 13. Ne5 Bb7 14. Qg3 Nh5 15. Qh3
Nf6 16. g4 Ba6 17. Nxc6 Qd6 18. Nxe7+ Qxe7 19. Bxa6 Rxa6 20. Qh4 Qd8 21. g5 Nh7
22. Nf3 hxg5 23. fxg5 Qe7 24. Rf2 f5 25. Rg2 f4 26. exf4 c5 27. Be3 cxd4 28.
Bxd4 Qd6 29. Rg4 Qd7 30. Qh5 Rf5 31. Rh4 Nxg5 32. Nxg5 Kf8 33. Re1 1-0

[Event "IX Floripa Chess Open Fort Atacadista"]
[Site "Florianópolis - Santa Catari"]
[Date "2023.01.24"]
[Round "2.211"]
[White "Solanho, Henrique Sulzbach"]
[Black "Bashtavenko, Aleksey"]
[Result "0-1"]
[WhiteElo "1098"]
[BlackElo "1569"]
[PlyCount "50"]
[EventDate "2023.01.23"]
[EventRounds "10"]
[EventCountry "BRA"]

1. d4 Nf6 2. Nf3 g6 3. h3 Bg7 4. Bf4 d6 5. e3 O-O 6. Be2 b6 7. O-O c5 8. c3 Bb7
9. Nbd2 Nbd7 10. Qa4 Qc7 11. Ba6 Bc6 12. Bb5 Bxb5 13. Qxb5 a6 14. Qd3 b5 15. a4
c4 16. Qe2 Qc6 17. axb5 axb5 18. Ng5 h6 19. Qf3 d5 20. Nxf7 Rxf7 21. Rfe1 g5
22. Bh2 Ne4 23. Qe2 Rxf2 24. Qg4 Rxa1 25. Rxa1 Ndf6 0-1

[Event "IX Floripa Chess Open Fort Atacadista"]
[Site "Florianópolis - Santa Catari"]
[Date "2023.01.24"]
[Round "2.212"]
[White "De Souza, Lucio Teixeira"]
[Black "Ribeiro, Maria Eduarda Thibe"]
[Result "1-0"]
[WhiteElo "1568"]
[BlackElo "1046"]
[PlyCount "77"]
[EventDate "2023.01.23"]
[EventRounds "10"]
[EventCountry "BRA"]

1. c4 c6 2. g3 d5 3. b3 Nf6 4. Nf3 e6 5. Bb2 Nbd7 6. Bg2 b6 7. O-O Bb7 8. d3
Be7 9. Nbd2 O-O 10. a3 Rb8 11. b4 a6 12. Qc1 c5 13. bxc5 Bxc5 14. Nb3 Bd6 15.
cxd5 Bxd5 16. Nbd4 Rc8 17. Qd2 Bb7 18. Rac1 Qe7 19. Ra1 Ne5 20. h3 Nxf3+ 21.
Nxf3 Rc7 22. Rfc1 Rfc8 23. Rxc7 Rxc7 24. e4 Nd7 25. Nd4 Qd8 26. Nb3 Qc8 27. Rc1
Nc5 28. Nxc5 Bxc5 29. d4 Bd6 30. Rxc7 Qxc7 31. Qd3 b5 32. e5 Bxg2 33. exd6 Qb7
34. d7 g6 35. d8=Q+ Kg7 36. d5+ Kh6 37. Qf8+ Kg5 38. h4+ Kh5 39. Kxg2 1-0

[Event "IX Floripa Chess Open Fort Atacadista"]
[Site "Florianópolis - Santa Catari"]
[Date "2023.01.24"]
[Round "2.213"]
[White "Weba Filho, Emilio Cesar"]
[Black "Lora, Miguel Said Brasil"]
[Result "0-1"]
[WhiteElo "1081"]
[BlackElo "1566"]
[PlyCount "32"]
[EventDate "2023.01.23"]
[EventRounds "10"]
[EventCountry "BRA"]

1. c4 e5 2. g3 Nc6 3. Bg2 Nf6 4. Nc3 Bb4 5. a3 Bxc3 6. bxc3 O-O 7. Nf3 d6 8.
O-O Be6 9. d4 Bxc4 10. dxe5 dxe5 11. Qc2 h6 12. Rd1 Qe7 13. Rb1 Rab8 14. e3 e4
15. Ne1 Qe5 16. a4 Rfe8 0-1

[Event "IX Floripa Chess Open Fort Atacadista"]
[Site "Florianópolis - Santa Catari"]
[Date "2023.01.24"]
[Round "2.214"]
[White "Butzke, Lucas De Castro"]
[Black "De Melo, Jailson Jose"]
[Result "0-1"]
[WhiteElo "1564"]
[BlackElo "1929"]
[PlyCount "88"]
[EventDate "2023.01.23"]
[EventRounds "10"]
[EventCountry "BRA"]

1. e4 c5 2. Nf3 d6 3. d4 cxd4 4. Nxd4 Nf6 5. Nc3 g6 6. Be3 Bg7 7. f3 Nc6 8. Qd2
O-O 9. Bc4 Bd7 10. O-O-O Rc8 11. Bb3 Ne5 12. Bh6 Bxh6 13. Qxh6 Rxc3 14. bxc3
Qc7 15. Qe3 a5 16. a3 Rc8 17. Kd2 a4 18. Ba2 Qc5 19. Ra1 d5 20. exd5 Nc4+ 21.
Bxc4 Qxc4 22. Ne2 Qxd5+ 23. Qd4 Qg5+ 24. Qf4 Qc5 25. Qe3 Qd6+ 26. Ke1 Nd5 27.
Qd2 Bb5 28. Nd4 Ba6 29. Ne2 Bxe2 30. Qxe2 Rxc3 31. Qd2 Qc5 32. Rd1 Rxc2 33. Qd4
Qxa3 34. Rd2 Qc1+ 35. Rd1 Qg5 36. g3 e6 37. Rd2 Rc1+ 38. Rd1 Rc3 39. Ke2 b5 40.
Rd2 b4 41. Rb1 Qf5 42. Rf1 a3 43. h4 b3 44. g4 Qf4 0-1

[Event "IX Floripa Chess Open Fort Atacadista"]
[Site "Florianópolis - Santa Catari"]
[Date "2023.01.24"]
[Round "2.215"]
[White "Makowski, Silvia Cristina"]
[Black "De Oliveira, Gualter Amelio"]
[Result "0-1"]
[WhiteElo "1059"]
[BlackElo "1563"]
[PlyCount "54"]
[EventDate "2023.01.23"]
[EventRounds "10"]
[EventCountry "BRA"]

1. e4 e5 2. Nf3 Nc6 3. d4 exd4 4. Nxd4 Qe7 5. Nc3 Nxd4 6. Qxd4 c6 7. Be3 Qf6 8.
O-O-O Qxd4 9. Bxd4 d6 10. Be2 Be6 11. Rhe1 Nf6 12. f4 Be7 13. Bf3 O-O 14. h3
Rfc8 15. g4 Ne8 16. Rd2 b5 17. a3 a5 18. Rd3 Rab8 19. Nb1 c5 20. Bf2 a4 21. h4
b4 22. Nd2 c4 23. Rde3 c3 24. Nb1 cxb2+ 25. Kxb2 bxa3+ 26. Kxa3 Rxc2 27. Bg3
Ra2# 0-1

[Event "IX Floripa Chess Open Fort Atacadista"]
[Site "Florianópolis - Santa Catari"]
[Date "2023.01.24"]
[Round "2.216"]
[White "Ramazzotte, Maicon Zilli"]
[Black "Cunha, Paola De Oliveira"]
[Result "1-0"]
[WhiteElo "1562"]
[BlackElo "1838"]
[PlyCount "99"]
[EventDate "2023.01.23"]
[EventRounds "10"]
[EventCountry "BRA"]

1. d4 Nf6 2. c4 g6 3. Nc3 d6 4. e4 Bg7 5. Nf3 O-O 6. Be2 Re8 7. O-O Nbd7 8. h3
e5 9. d5 Nc5 10. Qc2 Rb8 11. b4 Ncd7 12. Be3 b6 13. a3 a6 14. a4 a5 15. bxa5
bxa5 16. Nb5 Ba6 17. Na7 Bb7 18. Bd3 Nc5 19. Bxc5 dxc5 20. Qc3 Ra8 21. Nb5 c6
22. Na3 cxd5 23. cxd5 Bf8 24. Nxe5 Qd6 25. Nec4 Qe7 26. Nxa5 Qe5 27. Qxe5 Rxe5
28. Nxb7 Rb8 29. Na5 Ree8 30. Nc6 Rb3 31. Rfd1 Bg7 32. Ra2 Kf8 33. a5 Nd7 34.
Nc4 Nb8 35. Nd6 Nxc6 36. dxc6 Re7 37. a6 Ra7 38. Nb5 Rxd3 39. Rxd3 c4 40. Nxa7
cxd3 41. Rd2 Be5 42. Nb5 Ke7 43. a7 Bf4 44. Rxd3 Ke6 45. a8=Q Ke5 46. c7 Ke6
47. c8=R Ke5 48. Qd5+ Kf6 49. Rf8 Bh6 50. Rxf7# 1-0

[Event "IX Floripa Chess Open Fort Atacadista"]
[Site "Florianópolis - Santa Catari"]
[Date "2023.01.24"]
[Round "2.217"]
[White "Nunes, Nicole"]
[Black "Carmo, Jose Arlindo"]
[Result "0-1"]
[WhiteElo "1014"]
[BlackElo "1562"]
[PlyCount "46"]
[EventDate "2023.01.23"]
[EventRounds "10"]
[EventCountry "BRA"]

1. d4 d5 2. Bf4 e6 3. Nf3 Bd6 4. Qd2 Nf6 5. Ne5 Ne4 6. Qd3 f6 7. Nd2 Nxd2 8.
Bxd2 fxe5 9. dxe5 Bxe5 10. Qf3 Qf6 11. Qa3 Bxb2 12. Qa4+ Nc6 13. Rb1 O-O 14.
Be3 Bc3+ 15. Kd1 d4 16. Bd2 Bxd2 17. Kxd2 Qxf2 18. g3 Rb8 19. Bh3 Qe3+ 20. Ke1
Ne5 21. Kd1 Bd7 22. Qxa7 Nc4 23. Ke1 Qd2# 0-1

[Event "IX Floripa Chess Open Fort Atacadista"]
[Site "Florianópolis - Santa Catari"]
[Date "2023.01.24"]
[Round "2.218"]
[White "Ricci, Lucas Estremes"]
[Black "Biazon, Natalia De Oliveira"]
[Result "1-0"]
[WhiteElo "1559"]
[BlackElo "1813"]
[PlyCount "47"]
[EventDate "2023.01.23"]
[EventRounds "10"]
[EventCountry "BRA"]

1. d4 e6 2. c4 d5 3. Nf3 c5 4. cxd5 exd5 5. g3 Nf6 6. Bg2 Be7 7. O-O O-O 8. Nc3
Nc6 9. a3 Be6 10. dxc5 Bxc5 11. b4 Be7 12. Bb2 Re8 13. Nd4 Nxd4 14. Qxd4 a6 15.
Rfd1 Rc8 16. e3 Rc4 17. Qd3 Rc8 18. Rac1 Qd7 19. Ne2 Red8 20. Nf4 Bf5 21. Qd4
Rc4 22. Rxc4 dxc4 23. Nd5 Nxd5 24. Qxg7# 1-0

[Event "IX Floripa Chess Open Fort Atacadista"]
[Site "Florianópolis - Santa Catari"]
[Date "2023.01.24"]
[Round "2.219"]
[White "Usui, Gabriella Yumi"]
[Black "Carvalho, Eduardo Meireles"]
[Result "0-1"]
[WhiteElo "1550"]
[BlackElo "1812"]
[PlyCount "36"]
[EventDate "2023.01.23"]
[EventRounds "10"]
[EventCountry "BRA"]

1. d4 c6 2. c4 d5 3. Nf3 Bf5 4. g3 Nf6 5. Bg2 e6 6. O-O Be7 7. Nc3 Nbd7 8. Nd2
h5 9. e4 dxe4 10. Ndxe4 h4 11. Qb3 Nb6 12. c5 Nbd5 13. Qxb7 Rc8 14. Bg5 h3 15.
Bh1 O-O 16. Qxa7 Nxe4 17. Bxe7 Nexc3 18. Bxd8 Ne2# 0-1

[Event "IX Floripa Chess Open Fort Atacadista"]
[Site "Florianópolis - Santa Catari"]
[Date "2023.01.24"]
[Round "2.220"]
[White "Fraga, Sofia Carneiro"]
[Black "Romais, Rodrigo"]
[Result "1/2-1/2"]
[WhiteElo "1850"]
[BlackElo "1548"]
[PlyCount "38"]
[EventDate "2023.01.23"]
[EventRounds "10"]
[EventCountry "BRA"]

1. e4 c5 2. c3 e6 3. d4 d5 4. e5 Nc6 5. Nf3 a6 6. Be2 b5 7. Nbd2 Qb6 8. b3 Bd7
9. Bb2 cxd4 10. cxd4 Nge7 11. Bd3 g6 12. O-O Bg7 13. Qe2 Rc8 14. Ng5 Nf5 15.
Bxf5 exf5 16. e6 fxe6 17. Nxe6 Kf7 18. Nc5 Rce8 19. Qd3 Bc8 1/2-1/2

[Event "IX Floripa Chess Open Fort Atacadista"]
[Site "Florianópolis - Santa Catari"]
[Date "2023.01.24"]
[Round "2.221"]
[White "Belina, Jose Carlos Fernand"]
[Black "Bertusso, Amanda"]
[Result "1-0"]
[WhiteElo "1546"]
[BlackElo "1800"]
[PlyCount "63"]
[EventDate "2023.01.23"]
[EventRounds "10"]
[EventCountry "BRA"]

1. e4 e5 2. Nf3 Nc6 3. Bb5 Nf6 4. O-O a6 5. Bxc6 dxc6 6. Nxe5 Qd4 7. Nf3 Qxe4
8. Re1 Qxe1+ 9. Qxe1+ Be7 10. Nc3 Bg4 11. d3 Be6 12. Bf4 O-O-O 13. Qe3 b6 14.
Nd4 Rhf8 15. Nxc6 Rd7 16. a4 Ng4 17. Qf3 Bc5 18. Be3 Bd6 19. h3 Nxe3 20. fxe3
Bc5 21. Ne5 Bxe3+ 22. Kh1 Kd8 23. Nxd7 Bxd7 24. Qxe3 Re8 25. Qg5+ f6 26. Qxg7
Bc6 27. Qxf6+ Re7 28. Qxc6 a5 29. Rf1 Re8 30. Rf7 Re1+ 31. Kh2 Kc8 32. Qxc7#
1-0

[Event "IX Floripa Chess Open Fort Atacadista"]
[Site "Florianópolis - Santa Catari"]
[Date "2023.01.24"]
[Round "2.222"]
[White "Silva, Allan De Souza"]
[Black "Malanowski, Lara Carolina"]
[Result "1-0"]
[WhiteElo "1813"]
[BlackElo "1544"]
[PlyCount "73"]
[EventDate "2023.01.23"]
[EventRounds "10"]
[EventCountry "BRA"]

1. e4 c5 2. Nf3 d6 3. d4 cxd4 4. Nxd4 Nf6 5. Nc3 g6 6. f3 Bg7 7. Be3 Nc6 8. Qd2
O-O 9. Be2 Bh8 10. O-O Bd7 11. f4 Qc8 12. f5 Ne5 13. h3 Nc4 14. Bxc4 Qxc4 15.
Bh6 Nxe4 16. Nxe4 Bxd4+ 17. Kh1 Bxb2 18. Rf4 Qc6 19. Rb1 Be5 20. Bxf8 Rxf8 21.
fxg6 Bxf4 22. gxh7+ Kxh7 23. Qxf4 f6 24. Rb3 Rg8 25. Qh4+ Kg7 26. Rg3+ Kf7 27.
Qh7+ Ke6 28. Qxg8+ Ke5 29. Qb3 Kxe4 30. Qd3+ Kf4 31. Qe3+ Kf5 32. h4 Qxc2 33.
Rf3+ Kg4 34. Rf4+ Kh5 35. Qf3+ Kh6 36. Qe3 Bc6 37. Rc4+ 1-0

[Event "IX Floripa Chess Open Fort Atacadista"]
[Site "Florianópolis - Santa Catari"]
[Date "2023.01.24"]
[Round "2.223"]
[White "Santos, Mike Sperandio"]
[Black "Nobre, Jose Adalberto Barb"]
[Result "1/2-1/2"]
[WhiteElo "1811"]
[BlackElo "1542"]
[PlyCount "71"]
[EventDate "2023.01.23"]
[EventRounds "10"]
[EventCountry "BRA"]

1. e4 c5 2. Nf3 Nc6 3. Bb5 g6 4. c3 Bg7 5. O-O d6 6. d4 a6 7. Bxc6+ bxc6 8.
dxc5 d5 9. exd5 cxd5 10. Re1 Nf6 11. Ne5 O-O 12. Nc6 Qc7 13. Nxe7+ Kh8 14. Nxc8
Raxc8 15. Be3 Ne4 16. Bd4 Nxc5 17. Bxg7+ Kxg7 18. Qxd5 Rfd8 19. Qc4 Qb7 20. Qb4
Qxb4 21. cxb4 Nd3 22. Rd1 Nxb2 23. Re1 Nd3 24. Rd1 Nxb4 25. Nc3 Rxd1+ 26. Nxd1
Rd8 27. Ne3 Rd2 28. a4 Nd3 29. Rd1 Rxd1+ 30. Nxd1 Kf6 31. Kf1 Ke5 32. Ke2 Nc5
33. Nb2 Kd4 34. Kd2 Ne4+ 35. Ke2 Nc5 36. Kd2 1/2-1/2

[Event "IX Floripa Chess Open Fort Atacadista"]
[Site "Florianópolis - Santa Catari"]
[Date "2023.01.24"]
[Round "2.224"]
[White "Barbosa, Kassio Rodrigo"]
[Black "De Souza, Samuel De Deus"]
[Result "1/2-1/2"]
[WhiteElo "1540"]
[BlackElo "1800"]
[PlyCount "52"]
[EventDate "2023.01.23"]
[EventRounds "10"]
[EventCountry "BRA"]

1. e4 c5 2. Nf3 g6 3. d4 cxd4 4. Qxd4 Nf6 5. e5 Nc6 6. Qc3 Nd5 7. Qd3 e6 8. Be2
Bg7 9. Bg5 Qa5+ 10. Nc3 Nxe5 11. Nxe5 Bxe5 12. Bd2 Bxc3 13. bxc3 Qc7 14. O-O b6
15. Rfe1 Bb7 16. Bf3 Kd8 17. g3 Bc6 18. c4 Ne7 19. Bf4 Qb7 20. Bxc6 Qxc6 21.
Rad1 Kc8 22. Qc3 Kb7 23. Rd6 Qc8 24. Red1 Rd8 25. Bg5 Nf5 26. R6d3 d6 1/2-1/2

[Event "IX Floripa Chess Open Fort Atacadista"]
[Site "Florianópolis - Santa Catari"]
[Date "2023.01.24"]
[Round "2.225"]
[White "De Bortolo, Paulo Ricardo"]
[Black "Bokhonok, Tatiana Dos Santos "]
[Result "1-0"]
[WhiteElo "1800"]
[BlackElo "1539"]
[PlyCount "51"]
[EventDate "2023.01.23"]
[EventRounds "10"]
[EventCountry "BRA"]

1. e4 c5 2. Nf3 e6 3. c3 Nf6 4. d3 Nc6 5. Be2 Be7 6. O-O O-O 7. e5 Nd5 8. Na3
a6 9. Nc2 Qc7 10. d4 d6 11. exd6 Bxd6 12. g3 Rd8 13. Ne3 Nxe3 14. fxe3 b5 15.
Qc2 Bb7 16. Ng5 g6 17. Rxf7 Ne7 18. Rxh7 Bxg3 19. e4 Bf4 20. Bxf4 Qxf4 21. Qc1
Qxc1+ 22. Rxc1 Re8 23. Rf1 Bxe4 24. Rff7 Nf5 25. Nxe4 Nh6 26. Nf6# 1-0

[Event "IX Floripa Chess Open Fort Atacadista"]
[Site "Florianópolis - Santa Catari"]
[Date "2023.01.24"]
[Round "2.226"]
[White "De Souza, Felipe De Deus"]
[Black "Ludtke, Ezequiel Rodrigues"]
[Result "0-1"]
[WhiteElo "1800"]
[BlackElo "1538"]
[PlyCount "94"]
[EventDate "2023.01.23"]
[EventRounds "10"]
[EventCountry "BRA"]

1. e4 e5 2. Nf3 Qe7 3. Bc4 g6 4. d4 d6 5. Bg5 Nf6 6. dxe5 dxe5 7. O-O Bg7 8.
Nc3 c6 9. Qd2 Nbd7 10. Rfe1 O-O 11. Rad1 Qc5 12. Bb3 Re8 13. Qe3 Qa5 14. a3 b5
15. a4 b4 16. Na2 Ba6 17. Bxf6 Nxf6 18. c3 c5 19. cxb4 cxb4 20. Rd6 Bb7 21. Rc1
Nxe4 22. Rd7 Reb8 23. Rxb7 Rxb7 24. Qxe4 Rbb8 25. Ng5 Rf8 26. Bxf7+ Kh8 27.
Qxb4 Qxb4 28. Nxb4 h6 29. Ne6 Rxf7 30. Nxg7 Kxg7 31. Nc6 Rc8 32. b4 a6 33. b5
axb5 34. axb5 Rb7 35. Rb1 Rxc6 36. g3 Rcb6 37. Kg2 Rxb5 38. Re1 Kf6 39. Kf3 Rb4
40. Kg2 Rb2 41. Kf3 R7b3+ 42. Re3 Rxe3+ 43. Kxe3 Kf5 44. h3 Rb3+ 45. Ke2 Ke4
46. h4 Rb2+ 47. Kf1 Kf3 0-1

[Event "IX Floripa Chess Open Fort Atacadista"]
[Site "Florianópolis - Santa Catari"]
[Date "2023.01.24"]
[Round "2.227"]
[White "Gomes, Carlos"]
[Black "Kawamoto, Victor Misao Buriti"]
[Result "0-1"]
[WhiteElo "1537"]
[BlackElo "1800"]
[PlyCount "82"]
[EventDate "2023.01.23"]
[EventRounds "10"]
[EventCountry "BRA"]

1. e4 c6 2. d4 d5 3. e5 Bf5 4. Bd3 Bxd3 5. Qxd3 e6 6. Nf3 Nd7 7. O-O Ne7 8.
Nbd2 c5 9. c3 Nc6 10. Rd1 Be7 11. Nf1 O-O 12. Be3 Rc8 13. Rac1 a6 14. a3 Nb6
15. dxc5 Nc4 16. Rc2 N4xe5 17. Qe2 Nxf3+ 18. gxf3 Ne5 19. b4 Nc4 20. Bc1 Bg5
21. f4 Bf6 22. Ne3 b5 23. cxb6 Qxb6 24. Nxc4 Rxc4 25. Be3 Qb5 26. Bc5 Rc8 27.
Qe3 Qa4 28. Qc1 Rxf4 29. Ra2 Rg4+ 30. Kh1 Bxc3 31. f3 Rc4 32. Rc2 Bb2 33. Rxc4
Bxc1 34. Rcxc1 Qxa3 35. Kg2 h6 36. Ra1 Qb2+ 37. Kg1 Qe2 38. Rf1 g5 39. Rf2 Qb5
40. Rfa2 Rc6 41. Kf2 f5 0-1

[Event "IX Floripa Chess Open Fort Atacadista"]
[Site "Florianópolis - Santa Catari"]
[Date "2023.01.24"]
[Round "2.228"]
[White "Emmerich, Maria Isabel"]
[Black "Oliveira, Sara Beatris Silva"]
[Result "0-1"]
[WhiteElo "1800"]
[BlackElo "1535"]
[PlyCount "40"]
[EventDate "2023.01.23"]
[EventRounds "10"]
[EventCountry "BRA"]

1. e4 c5 2. Nf3 Nc6 3. Nc3 g6 4. d3 Bg7 5. Bd2 d6 6. Be2 Nf6 7. O-O O-O 8. Be3
Ng4 9. Qc1 Nxe3 10. Qxe3 a6 11. Nd5 e6 12. Nf4 Bxb2 13. Rab1 Bg7 14. Ng5 Qxg5
15. c3 Bxc3 16. Rfc1 Bd4 17. Qh3 Qxf4 18. g3 Qxf2+ 19. Kh1 Qxe2 20. Qh6 Qf3#
0-1

[Event "IX Floripa Chess Open Fort Atacadista"]
[Site "Florianópolis - Santa Catari"]
[Date "2023.01.24"]
[Round "2.229"]
[White "Reginato, Daniel Zonta"]
[Black "Liebl, Livia"]
[Result "0-1"]
[WhiteElo "1800"]
[BlackElo "1529"]
[PlyCount "128"]
[EventDate "2023.01.23"]
[EventRounds "10"]
[EventCountry "BRA"]

1. e4 d5 2. Nc3 d4 3. Nce2 c5 4. Nf3 Nc6 5. d3 e5 6. Ng3 Nge7 7. Nh4 g6 8. f4
exf4 9. Bxf4 Bg7 10. Be2 O-O 11. Qd2 Be6 12. O-O Qb6 13. b3 a6 14. Bh6 Qc7 15.
Bxg7 Kxg7 16. Qg5 Qe5 17. Nh5+ Kh8 18. Qf6+ Qxf6 19. Nxf6 Kg7 20. Bg4 Bxg4 21.
Nxg4 f5 22. Nf2 Nb4 23. Rfc1 f4 24. Ng4 h5 25. Ne5 Rad8 26. Nhf3 Nec6 27. Nc4
b5 28. Nb6 Ne7 29. a3 Nbc6 30. a4 b4 31. Re1 Na5 32. Ng5 Rd6 33. Nc4 Nxc4 34.
bxc4 Kh6 35. e5 Rb6 36. Nf3 Re6 37. Re4 Nc6 38. h4 a5 39. Rb1 Rf5 40. Rbe1 Rf8
41. Ng5 Re7 42. e6 Kg7 43. Rf1 Rf6 44. Rfxf4 Rxf4 45. Rxf4 Nd8 46. Re4 Nc6 47.
Nf7 Kf6 48. Rf4+ Kxe6 49. Nh8 Ne5 50. Rf8 Rb7 51. Ra8 b3 52. cxb3 Rxb3 53. Rxa5
Rb8 54. Ra6+ Kf5 55. Nxg6 Nxg6 56. Kf2 Ne5 57. Rh6 Ng4+ 58. Kf3 Nxh6 59. a5 Ra8
60. g3 Rxa5 61. g4+ hxg4+ 62. Kg3 Ra3 63. h5 Rxd3+ 64. Kf2 Kf4 0-1

[Event "IX Floripa Chess Open Fort Atacadista"]
[Site "Florianópolis - Santa Catari"]
[Date "2023.01.24"]
[Round "2.230"]
[White "Paniago, Lucio Erloiny Silva"]
[Black "Nunes, Alice"]
[Result "1-0"]
[WhiteElo "1529"]
[BlackElo "1800"]
[PlyCount "107"]
[EventDate "2023.01.23"]
[EventRounds "10"]
[EventCountry "BRA"]

1. e4 e5 2. Nf3 Nc6 3. Bc4 Nf6 4. d3 Bc5 5. O-O d6 6. c3 Bg4 7. Nbd2 O-O 8. Re1
Re8 9. Nf1 Qe7 10. Ng3 Nd8 11. h3 Bh5 12. Bg5 Bxf3 13. Qxf3 Ne6 14. Bxf6 Qxf6
15. Qxf6 gxf6 16. Nh5 Re7 17. Nxf6+ Kg7 18. Nh5+ Kh8 19. Ng3 Rg8 20. Kf1 Nf4
21. Rad1 c6 22. d4 Bb6 23. dxe5 dxe5 24. Rd2 h6 25. Red1 Rg6 26. Rd7 Rxd7 27.
Rxd7 f6 28. Be2 Rg7 29. Rxg7 Kxg7 30. Nh5+ Kg6 31. Nxf4+ exf4 32. Bg4 Bc7 33.
Ke2 Kg5 34. b4 a5 35. a4 b6 36. bxa5 bxa5 37. Kd3 c5 38. c4 Bd6 39. Ke2 Be5 40.
Kf3 Kh4 41. Be6 Bd6 42. e5 Bxe5 43. Ke4 Kg5 44. Kd5 Kg6 45. Kxc5 Kg7 46. Kb5
Bc7 47. c5 Kf8 48. Kc6 Be5 49. Kd7 Kg7 50. c6 Kg6 51. c7 Bxc7 52. Kxc7 Kg5 53.
Kb6 Kh4 54. Kxa5 1-0

[Event "IX Floripa Chess Open Fort Atacadista"]
[Site "Florianópolis - Santa Catari"]
[Date "2023.01.24"]
[Round "2.231"]
[White "Ribeiro, Dionatan Lua Franze"]
[Black "Mayara Sibowicz, Giovanna"]
[Result "1-0"]
[WhiteElo "1800"]
[BlackElo "1528"]
[PlyCount "79"]
[EventDate "2023.01.23"]
[EventRounds "10"]
[EventCountry "BRA"]

1. e4 d5 2. exd5 Qxd5 3. Nc3 Qa5 4. Nf3 Bg4 5. Be2 Nf6 6. h3 Bh5 7. O-O e6 8.
Nd4 Bxe2 9. Qxe2 Bc5 10. Nb3 Qb6 11. Na4 Bxf2+ 12. Qxf2 Qc6 13. Nc3 O-O 14. d3
Nbd7 15. Bg5 b5 16. Bxf6 Nxf6 17. Qc5 Qxc5+ 18. Nxc5 a6 19. N3e4 Nd5 20. Rf3
Ne7 21. Nd7 Rfd8 22. Nec5 f6 23. Re1 Nf5 24. Nxe6 Rxd7 25. Rxf5 Re8 26. d4 Kf7
27. Ng5+ Kg6 28. Rxe8 Kxf5 29. Nf3 h6 30. b4 Kg6 31. Re6 Rd6 32. Rxd6 cxd6 33.
Kf2 Kf5 34. Ke3 Ke6 35. Ke4 f5+ 36. Kf4 g5+ 37. Nxg5+ hxg5+ 38. Kxg5 Kd5 39.
Kxf5 Kxd4 40. h4 1-0

[Event "IX Floripa Chess Open Fort Atacadista"]
[Site "Florianópolis - Santa Catari"]
[Date "2023.01.24"]
[Round "2.232"]
[White "De Almeida, Olivan Duarte"]
[Black "Pinto, Pedro Daminelli Lag"]
[Result "1-0"]
[WhiteElo "1516"]
[BlackElo "1800"]
[PlyCount "69"]
[EventDate "2023.01.23"]
[EventRounds "10"]
[EventCountry "BRA"]

1. e4 e5 2. Nf3 Nc6 3. Bc4 Bc5 4. c3 Qf6 5. a4 a6 6. O-O d6 7. h3 Nge7 8. d3 h6
9. Be3 O-O 10. d4 Bb6 11. Kh2 Ng6 12. g3 Be6 13. d5 Na5 14. Be2 Bd7 15. Bxb6
cxb6 16. b4 Nc6 17. dxc6 Bxc6 18. Qd3 Rad8 19. c4 h5 20. Nc3 h4 21. Nd5 Bxd5
22. Qxd5 Rd7 23. Qd2 Qe7 24. Qg5 hxg3+ 25. fxg3 Qe6 26. Nh4 Nxh4 27. Qxh4 g6
28. Rf6 Qe7 29. Raf1 Kg7 30. Qg5 Rc7 31. Bh5 Qe8 32. Bxg6 fxg6 33. Rxf8 Qxa4
34. Qf6+ Kh6 35. Qh4+ 1-0

[Event "IX Floripa Chess Open Fort Atacadista"]
[Site "Florianópolis - Santa Catari"]
[Date "2023.01.24"]
[Round "2.233"]
[White "Silveira, Benicio Solon"]
[Black "Monici, Arthur Brecht De Fr"]
[Result "0-1"]
[WhiteElo "1800"]
[BlackElo "1511"]
[PlyCount "42"]
[EventDate "2023.01.23"]
[EventRounds "10"]
[EventCountry "BRA"]

1. e4 c5 2. Nf3 d6 3. c3 g6 4. g3 Bg7 5. Bg2 Nc6 6. O-O Nf6 7. d3 O-O 8. Be3
Ng4 9. Nbd2 Nxe3 10. fxe3 e5 11. a3 Be6 12. Rb1 Qb6 13. Qc2 c4 14. dxc4 Qxe3+
15. Rf2 f5 16. Re1 Qb6 17. b3 Bh6 18. Rb1 Be3 19. Kf1 Bxf2 20. h4 Bxg3 21. a4
Qf2# 0-1